000 00204 a2200097 4500
001 49411
100 _aGlaudius
245 _aI, Claudius
260 _aLondon
_bMethuen & Company
_c
090 _c31949
_d31949
942 _aNUST-CAE
_c
_c24390
999 _c284484
_d284484